| 000 | 01258nam a22003497a 4500 | ||
|---|---|---|---|
| 003 | CHAP | ||
| 005 | 20220329135153.0 | ||
| 008 | 971013s1976 r 00010 d | ||
| 010 | _a32074 | ||
| 011 | _a33046 | ||
| 035 | _a37161 | ||
| 040 | _cCHAP | ||
| 090 | _aTesis | ||
| 100 | 0 | 0 |
_aMartínez Rodríguez, Maurilio. _972471 |
| 245 | _aEvaluación de la selección masal modificada para aumentar el rendimiento en la variedad criolla de maíz (Zea mays L.) ranchero en General Escobedo, N.L. | ||
| 260 |
_aMonterrey, N.L. : _bEl autor, _c1976 |
||
| 300 | _a60 h | ||
| 502 | _aTesis (Ing. Agrónomo Fitotecnista) -- Univ. Autónoma de Nuevo León. Fac. de Agronomía | ||
| 590 |
_aALEPH _b10 _c20130110 _lUCH01 _h1254 |
||
| 590 |
_aBATCH-UPD _b10 _c20130110 _lUCH01 _h0158 |
||
| 590 |
_aBATCH-UPD _b10 _c20130110 _lUCH01 _h2051 |
||
| 590 |
_aBATCH-UPD _b10 _c20130409 _lUCH01 _h2204 |
||
| 590 |
_aBATCH-UPD _b10 _c20130410 _lUCH01 _h1404 |
||
| 590 |
_aBATCH-UPD _b10 _c20130914 _lUCH01 _h1750 |
||
| 590 |
_aCONVERSION _b10 _c20130109 _lUCH01 _h1318 |
||
| 650 | 1 | 4 |
_aMaíz _xNuevo León. _971029 |
| 650 | 1 | 4 |
_aMaíz _xRendimiento. _971051 |
| 650 | 1 | 4 |
_aMaíz _xSelección masal. _971058 |
| 901 | _aBK | ||
| 942 | _cTESIS | ||
| 949 |
_bBC _cTES _d-85207 _eTS1 _i37161 _si |
||
| 999 |
_c32074 _d32074 |
||